000 00319 a2200157 4500
001 182794
020 _a
040 _cMagnum
100 _aMalba Tahan
240 1 0 _aO homem que calculava
_lpor
245 1 0 _aO homem que calculava
300 _a258
362 0 _a1965
697 _aLITERATURA GERAL
942 _cBK
999 _c182794
_d182794